000
00194 a2200097 4500
020
_a
9780984881031
041
_a
eng
100
_a
Hickey, Frank
245
_a
Brownstone kidnap crackup
942
_c
BK
999
_c
8301
_d
8301